000 00956nam a22003137a 4500
003 CHAP
005 20220329143525.0
008 100406s1995 us r 00110 eng d
010 _a97987
011 _a98959
020 _a0387945466
035 _a109644
040 _cCHAP
082 0 4 _a519.5
_bS32
100 1 _aSchervish, Mark J.
_9102978
245 1 0 _aTheory of statistics
_c/por Mark J. Scharvish
260 _aNew York. :
_bSpringer,
_cc1995
300 _axvi, 702 p.
490 _aSpringer series in statistics
590 _aBATCH-UPD
_b10
_c20130110
_lUCH01
_h1432
590 _aBATCH-UPD
_b10
_c20130410
_lUCH01
_h0908
590 _aBATCH-UPD
_b10
_c20130914
_lUCH01
_h1326
590 _aCONVERSION
_b10
_c20130109
_lUCH01
_h1354
650 0 4 _aEstadística matemática.
_938261
830 0 _aSpringer series in statistics
_9109291
901 _aBK
942 _cLIBRO
949 _a519.5 S32
_bBC
_cLIBRO
_d33724002168941
_eLIBRO
_h112516
_i109644
_sb
999 _c97987
_d97987